Grant rates for social landlords (Record no. 68077)

MARC details
000 -LEADER
fixed length control field 00779cam a2200217 4500
001 - CONTROL NUMBER
control field WB3732-28
008 - FIXED-LENGTH DATA ELEMENTS--GENERAL INFORMATION
fixed length control field 010823n2001 000 0 eng u
035 ## - SYSTEM CONTROL NUMBER
System control number (Sirsi) u114317
245 ## - TITLE STATEMENT
Title Grant rates for social landlords
260 ## - PUBLICATION, DISTRIBUTION, ETC.
Date of publication, distribution, etc. 2001
490 ## - SERIES STATEMENT
Series statement DTLR News Release
Volume/sequential designation (366) 21 August 2001, (3)
520 ## - SUMMARY, ETC.
Summary, etc. The average grant rate for new housing developments by Registered Social Landlords (RSLs) will increase from 60% in 2001 to 68% in 2002/03. The target number of homes RSLs will offer for low-cost home ownership has also been increased by 1,000.
590 ## - LOCAL NOTE (RLIN)
Local note WB
650 ## - SUBJECT ADDED ENTRY--TOPICAL TERM
Topical term or geographic name entry element HOUSING DEVELOPMENTS
650 ## - SUBJECT ADDED ENTRY--TOPICAL TERM
Topical term or geographic name entry element RSLS
650 ## - SUBJECT ADDED ENTRY--TOPICAL TERM
Topical term or geographic name entry element Affordable housing
9 (RLIN) 6215
650 ## - SUBJECT ADDED ENTRY--TOPICAL TERM
Topical term or geographic name entry element TARGETS
650 ## - SUBJECT ADDED ENTRY--TOPICAL TERM
Topical term or geographic name entry element GRANTS
690 ## - LOCAL SUBJECT ADDED ENTRY--TOPICAL TERM (OCLC, RLIN)
Topical term or geographic name as entry element Affordable housing
9 (RLIN) 6215
942 ## - ADDED ENTRY ELEMENTS (KOHA)
Suppress in OPAC 0
Holdings
Withdrawn status Lost status Source of classification or shelving scheme Damaged status Not for loan Home library Current library Shelving location Date acquired Total Checkouts Full call number Barcode Date last seen Copy number Price effective from Koha item type
    Dewey Decimal Classification     London London News article 23/08/2001   WB3732-28 114317-1001 06/08/2019 1 06/08/2019 News article